00830cam a22002292 4500001001100000005001700011008004100028020001500069040001500084245006900099250001300168260002900181300002500210650006100235700003300296852001500329908001100344950000600355999001500361952011200376952011200488000002115920151217145932.0120131s xx 000 0 eng d a8177584499 aKABUcKABU10aMultinational business finance /cDavid K. Eiteman ... [et al.]. a10th ed. aIndia :bPearson,c2007. a1v. (various paging) 0aInternational business enterprisesxFinance.@00001525291 aEitman, David K.@00001818881 9p1,920 KES a120131 @1 c4245d4245 00102lcc70aKABUbKABUd2015-12-17l0oHG4027.5 .M85 2007 c.1p20491r2015-12-17 00:00:00w2015-12-17yBK 00102lcc70aKABUbKABUd2015-12-17l0oHG4027.5 .M85 2007 c.2p20498r2015-12-17 00:00:00w2015-12-17yBK